• 首页
  • 本馆介绍
  • 公告通知
  • 最新文献
  • 馆藏检索
  • 电子资源
  • 读者导购
  • 参考咨询
  • 我的图书馆
  • 登录
  • 详细信息显示
  • 放入我的书架
  • 预约/预借图书
  • 作者相关作品
  • 分类相关作品
  • 丛书相关作品
  • 出版社相关作品

书目信息

  • 表格格式
  • 工作单格式
  • 卡片格式
题名:
森林法讲话
    
 
作者: 石效贵
分册:  
出版信息: 济南   山东人民出版社  1986.11
页数: 114页
开本: 19cm
丛书名:
单 册:
中图分类: D9
科图分类:
主题词: 法律
电子资源:
ISBN: 7-5036-0004-7
000 00500nam0 2200193 45
001 0308271034
005 20030827104524.4
010    @a7-5036-0004-7@dRMB0.60
100    @a20030827d1986 km y0chiy0120 ea
101    @achi
105    @a z 000yy
200 1  @a森林法讲话@Asen lin fa jiang hua@f石效贵@Fshi xiao gui
210    @a济南@c山东人民出版社@d1986.11
215    @a114页@c无图表@d19cm
606 0  @a法律
690    @aD9@v3
701  0 @a石效贵
801    @aCN@b@c20030827
905    @aBZT@dD9@e16
    
    森林法讲话/石效贵.-济南:山东人民出版社,1986.11
    114页:无图表;19cm
    
    
    ISBN 7-5036-0004-7:RMB0.60
    
●
相关链接 在五车中查询图书 在当当中查询图书 在豆瓣中查询图书


正题名:森林法讲话     索取号:D9/16         预约/预借

序号 登录号 条形码 馆藏地/架位号 状态 备注
1 6195   200262651   中心书库南/012架A面1层6列/ [索取号:D9/16] 在馆    
2 6196   200262688   中心书库南/012架A面1层6列/ [索取号:D9/16] 在馆    
山东省滨州职业学院图书馆 欢迎您!
大连网信软件有限公司© 版权所有